|
|
|
|
| LEADER |
00916cas a2200181 a 4500 |
| 001 |
AALejournalASABE000013 |
| 008 |
221229c9999 xx r poo 0 0eng d |
| 020 |
|
|
|a 978-1-940956-05-3
|
| 040 |
|
|
|a BD-DhAAL
|c BD-DhAAL
|
| 245 |
0 |
0 |
|h [electronic resource]
|a Annual Meeting Papers 2012/Dallas, Texas
|
| 260 |
|
|
|b ASABE,
|c [
|- 409]August 1, 2012;@
|
| 300 |
|
|
|a 1 online resource
|
| 500 |
|
|
|a <strong>Off-Campus Access:</strong> Athens ID and Password Required
|
| 500 |
|
|
|a <strong>On-Campus Access:</strong> No User ID or Password Required
|
| 506 |
|
|
|a Electronic access restricted to authorized BRAC University faculty, staff and students
|
| 538 |
|
|
|a Mode of access: Internet
|
| 856 |
4 |
0 |
|z Full text available on ASABE
|u http://elibrary.asabe.org/techpapers.asp?confid=dall2012
|
| 856 |
4 |
0 |
|z Off-campus access
|u https://go.openathens.net/redirector/bracu.ac.bd?url=http%3A%2F%2Felibrary.asabe.org%2Ftechpapers.asp%3Fconfid%3Ddall2012
|